| 000 | 005770000a22001810004500 | ||
|---|---|---|---|
| 003 | MACL | ||
| 005 | 20160531153949.0 | ||
| 008 | 160531b xxu||||| |||| 00| 0 eng d | ||
| 040 |
_aMACL _cMACL |
||
| 041 | _aHindi | ||
| 082 | _a900 | ||
| 100 |
_aकुमार, शान्ता _954958 |
||
| 245 |
_aधरती है बलिदान की _cशान्ता कुमार |
||
| 260 |
_aनई दिल्ली _bभारतीय प्रकाशन _c2010 |
||
| 350 | _a100 | ||
| 650 |
_aइतिहास _961054 |
||
| 942 |
_cHIN _k900 _2ddc |
||
| 999 |
_c47939 _d47939 |
||